000 00812nas a2200265 4500
001 BR2012009201
003 BR-BrBNA
005 20231205121559.0
007 ta
008 230509b bl.|||p| |||| 00| 00por d
040 _aBR-BrBNA
_bpor
_cBiblioteca Nacional de Agricultura
041 _a(Pt)
072 _aQ70; P01
100 1 _aSilvério, L.
245 1 _aUso agrícola do lodo de esgoto, da matéria orgânica do lixo urbano e de resíduos industriais
650 _aAGRICULTURA
650 _aLODO RESIDUAL
650 _aREDE DE ESGOTO
650 _aMATÉRIA ORGÂNICA
650 _aRESÍDUO INDUSTRIAL
650 _aMEIO AMBIENTE
773 0 _tO Agronômico (Brazil)
_xISSN 0365-2726
_g(2004), v. 56(1) p. 5-8
_wBR2012009201
909 _a202311
_bLúcia
_c55
_dLúcia Elande
942 _2AGRIS
_n0
_cANA
999 _c224225
_d224225